Podnikanie a etika

Podnikateľská etika. Etický kódex spoločností. Etické kódexy v krajinách západnej Európy, USA a na Slovensku. Problém globalizácie a etiky. Nadnárodné spoločnosti a etické podnikanie.

Salvato in:
Dettagli Bibliografici
Autore principale: Bláhová, Mária
Natura: Capitolo di libro
Lingua:slovacco
Soggetti:
Tags: Aggiungi Tag
Nessun Tag, puoi essere il primo ad aggiungerne!!

MARC

LEADER 00000nla$a2200000$$$4500
001 0096074
005 20240502072051.8
041 0 |a slo 
044 |a SK 
245 1 0 |a Podnikanie a etika  |c Mária Bláhová 
520 |a Podnikateľská etika. Etický kódex spoločností. Etické kódexy v krajinách západnej Európy, USA a na Slovensku. Problém globalizácie a etiky. Nadnárodné spoločnosti a etické podnikanie. 
610 2 0 |a etika podnikateľská 
610 2 0 |a kódexy etické 
610 2 0 |a podnikanie 
610 2 0 |a spoločnosti nadnárodné 
610 2 0 |a trh 
610 2 0 |a globalizácia 
100 1 |a Bláhová, Mária